000 00463nam a2200181 a 4500
001 16507
005 20180713205446.0
008 140415s1982 sp 000 0 spa d
020 _a8474900727
041 _aspa
082 _a860
_bDUQ
100 1 _aDUQUE, AQUILINO
245 1 3 _aLA IDIOTEZ DE LA INTELIGENCIA
260 _aESPAÑA :
_bENCUENTRO,
_c1982
300 _a190
490 _aLIBROS DE BOLSILLO
_v17
650 1 4 _aLITERATURA
_xESPAA
999 _c16507
_d16507